| 000 | 00772nam a22002057a 4500 | ||
|---|---|---|---|
| 003 | OSt | ||
| 005 | 20260113061923.0 | ||
| 008 | 260113b |||||||| |||| 00| 0 eng d | ||
| 020 | _a978-621-96063-1 | ||
| 040 |
_aDWC-Main lib _cOC |
||
| 082 | _aFil. 343.599 N277 2019 | ||
| 245 |
_aNational structural code of the Philippines ( NSCP 2015) : _bvol 1 Building, towers and other vertical structures/ |
||
| 260 |
_aQuezon City : _b Association of structural engineers of the Philippines inc., _cc2019. |
||
| 300 |
_a xx, various pages : _billustrations ; _c28cm. |
||
| 650 | _a1. Building laws | ||
| 650 | _a2. Buildings--Specifications | ||
| 650 | _a3. Earthquake resistant design--Law and legislation | ||
| 650 | _a4. Phillippines | ||
| 942 |
_2ddc _cBK - FIL _kFil. _n0 |
||
| 999 |
_c7331 _d7331 |
||